| 000 | 00618nmc a2200253 a 4500 | ||
|---|---|---|---|
| 003 | AR-BaBNM | ||
| 005 | 20251128211138.0 | ||
| 008 | 172120s1985 ||||||||||||||000 | spa|| | ||
| 020 | _a84-7291-913-7 | ||
| 040 | _cAR-BaBNM | ||
| 100 | 1 |
_aLévy-Bruhl, Lucien _d1857-1939 |
|
| 245 | 1 | 0 | _aAlma primitiva |
| 260 |
_aMadrid _bSarpe _c1985 |
||
| 300 | 0 | _a331 p. | |
| 490 | 0 |
_aBiblioteca de la historia _vv. 41 |
|
| 650 | 4 | _aCOSTUMBRES Y TRADICIONES | |
| 650 | 4 | _aANTROPOLOGIA | |
| 650 | 4 | _aPREHISTORIA | |
| 650 | 4 | _aHISTORIA SOCIAL | |
| 650 | 4 | _aGRUPOS | |
| 650 | 4 | _aMUERTE | |
| 942 | _cBK | ||
| 998 | _cmariana | ||
| 999 |
_c18437 _d18437 |
||